• 首页
  • 本馆介绍
  • 公告通知
  • 最新文献
  • 馆藏检索
  • 电子资源
  • 读者导购
  • 参考咨询
  • 我的图书馆
  • 登录
  • 详细信息显示
  • 放入我的书架
  • 预约/预借图书
  • 作者相关作品
  • 分类相关作品
  • 丛书相关作品
  • 出版社相关作品

书目信息

  • 表格格式
  • 工作单格式
  • 卡片格式
书名: Problems and exercises in general chemistry
作者: N.L.Glinka.
分册号:
分册名:
出版地: Moscow :
 
出版社: Mir Pub
出版时间: 1981.
页数: 288 p. :
开本: 21 cm. :
丛书名:
中图分类号:
科图分类号:
其他分类号: G633.8
主题词:
电子资源:
000 00605nam 2200205 a 4500
001 E0751859781
005 20070426112023.17
008 @a 001 0 eng
008 @1 uu
040    @aNLC
049    @aN5LA
090    @a2-86/O6-44/G56////////////765949
090    @aG633.8
096    @aO6-44 @v2
099    @dG633.8@ex1
100 1  @aGlinka, N.L.
245 10 @aProblems and exercises in general chemistry / @cN.L.Glinka.
260    @aMoscow :@bMir Pub.,@c1981.
300    @a288 p. :@bill. ;@c21 cm. :@b00 ;@c20020930@lNLC09@h2245@lNLC09@h2246@lNLC09@h1837
852 9  @bWWJC @cJ08N @k2-86 @hO6-44 @iG56
    
    Problems and exercises in general chemistry / / N.L.Glinka.-Moscow : : Mir Pub., , 1981.
    288 p. : : ill. ; ; 21 cm. : : 00 ; ; 20020930
    
    
    ISBN
    
●
相关链接 在E读中查询图书 在五车中查询图书 在当当中查询图书 在豆瓣中查询图书


正题名:Problems and exercises in general chemistry     索取号:G633.8/x1         预约/预借

序号 登录号 条形码 馆藏地/架位号 状态 备注
1 181149   001076631   第二样本阅览室/ [索取号:G633.8/x1] 在馆    
2 181150   001076622   第四借阅区/ [索取号:G633.8/x1] 在馆    
3 181151   001076640   第四借阅区/ [索取号:G633.8/x1] 在馆    
唐山师范学院图书馆 欢迎您!
大连网信软件有限公司© 版权所有